| 000 | 00796nam a22001577a 4500 | ||
|---|---|---|---|
| 003 | OSt | ||
| 005 | 20160819092703.0 | ||
| 008 | 160819b xxu||||| |||| 00| 0 eng d | ||
| 040 | _cRUA | ||
| 082 | _aAVM MEA 2015 B508 Or.1 | ||
| 100 |
_99230 _aMEAS CHONSITHA, មាស ចនស៊ីថា |
||
| 245 | _aStudy on effectiveness of agricultural extension of cambodia harvest project in siem reap province, សិក្សាពីប្រសិទ្ធភាពនៃការផ្សព្វផ្សាយបច្ចេកទេសកសិកម្មរបស់គម្រោងកម្ពុជាហាវេស៍ នៅក្រុងសៀមរាប ខេត្តសៀមរាប | ||
| 260 |
_aPhnom Penh _bRUA _c2015 |
||
| 300 |
_axi; 54p. _bill. _c29cm. |
||
| 942 |
_2ddc _cAVM |
||
| 999 |
_c8893 _d8893 |
||